Most Powerful Muslim Countries - Statistics

General Stats
  • This quiz has been taken 43 times
  • The average score is 9 of 10
Answer Stats
Power Index Country % Correct
0.4201 Saudi Arabia
100%
0.3427 Egypt
98%
0.3048 Iran
98%
0.2513 Pakistan
93%
0.4589 Algeria
88%
0.2557 Indonesia
88%
0.1902 Türkiye
88%
0.6062 Bangladesh
76%
0.7429 Malaysia
66%
0.5771 Nigeria
61%
No matching quizzes found
Score Distribution
Percent of People with Each Score
Percentile by Number Answered
Your Score History
You have not taken this quiz